| 000 | 005240000a22001930004500 | ||
|---|---|---|---|
| 020 | _a0-88113-224-1 | ||
| 041 | 0 | _aSPA | |
| 082 | 0 | 4 | _aG 262 B8171o |
| 100 | 1 | _aBrand, Paul (1914-) | |
| 245 | 1 | 0 | _aLa obra maestra de Dios / Paul Brand, Philip Yancey |
| 260 | _aPuerto Rico : Betania | ||
| 300 | _a214 Pag | ||
| 500 | _aTñitulo original : Fearfully & wonderfully made | ||
| 001 | 6906 | ||
| 942 | _cBK | ||
| 999 |
_c37154 _d37154 |
||
| 336 |
_atexto _btxt _2rdacontent |
||
| 337 |
_2rdamedia _asin mediación _bn |
||
| 338 |
_2rdacarrier _avolumen _bnc |
||